000 00340nam a2200133Ia 4500
008 240624s9999 xx 000 0 und d
041 _aeng
082 _a658.8 GER
100 _aGERA RAJAT
245 _aADVANCES IN TECHNOLOGY AND INNOVATION IN
260 _c2009
_aNew Delhi
_bMacmillan
300 _a568 : p. : cm. ; 24
365 _cRS
_b30
999 _c15696
_d15696